000 00446nam a22001577a 4500
020 _a9789384075125
082 _aM301
_bSUK/H
100 _aSukumar Koorkkenchery
_9154171
245 _aHelmet/
_cby Sukumar Koorkkenchery
260 _aKottayam:
_bSahitya Pravarthaka Sahakaranasangam,
_c2014.
300 _a68p.
650 _aStories Malayalam
_9154172
650 _aLiterature Malayalam
_9154173
650 _aLiterature
_9154174
942 _cBK
999 _c141602
_d141602